000 00516nam a2200181 i 4500
001 bg
100 1 _aGDOWSKI, Bogusław
245 0 _aZadania z rachunku wektorowego i geometrii analitycznej /
_cBogusław Gdowski, Edmund Pluciński.
250 _aWyd. 5.
260 _aWarszawa :
_bPaństw. Wydawn. Nauk.,
_c1974.
300 _as. 287, nlb. 1 :
_brys.
700 1 _aPLUCIŃSKI, Edmund
040 _cBPK
041 _apol
080 _a514.742:514.12
942 _cKS
008 s pl f |000 0 pol
999 _c7688
_d7688
856 _uhttp://koha.tu.koszalin.pl/cgi-bin/koha/opac-detail.pl?biblionumber=7688
_yKatalog online BPK